书目信息 |
| 题名: |
当代中国的北京
|
|
| 作者: | 邓力群 编 | |
| 分册: | 上册 | |
| 出版信息: | 北京 中国社会科学出版社 1989 |
|
| 页数: | 719页 | |
| 开本: | 20cm | |
| 丛书名: | ||
| 单 册: | ||
| 中图分类: | Z121.7 | |
| 科图分类: | ||
| 主题词: | 丛书--中国 | |
| 电子资源: | ||
| ISBN: | 7-5004-0669-X | |
| 000 | 00570nam0 2200193 450 | |
| 001 | 0639713434 | |
| 005 | 20061127110502.85 | |
| 010 | @a7-5004-0669-X@b精装@dCNY15.00 | |
| 100 | @a20061127d1989 km y0chiy0120 ea | |
| 101 | 0 | @achi |
| 102 | @aCN@b110000 | |
| 200 | 1 | @a当代中国的北京@Adang dai zhong guo de bei jing@h上册@f邓力群等编@Fdeng li qun deng bian |
| 210 | @a北京@c中国社会科学出版社@d1989 | |
| 215 | @a719页@d20cm | |
| 606 | 0 | @a丛书@x中国 |
| 690 | @aZ121.7@v3 | |
| 701 | 0 | @a邓力群@Adeng li qun@4编 |
| 801 | 0 | @aCN@bPFT@c20061127 |
| 905 | @a10447@dZ121.7@e34:1(1) | |
| 当代中国的北京.上册/邓力群等编.-北京:中国社会科学出版社,1989 |
| 719页;20cm |
| ISBN 7-5004-0669-X(精装):CNY15.00 |
| ● |
| 相关链接 |
|
|
|
|
正题名:当代中国的北京
索取号:Z121.7/34:1(1)
 
预约/预借
| 序号 | 登录号 | 条形码 | 馆藏地/架位号 | 状态 | 备注 |
| 1 | 0226789 | 202451408 | 第二样本阅览室/ [索取号:Z121.7/34:1(1)] | 在馆 |